Southville International School and Colleges
Your cart is empty.
  • Cart
  • Lists
    Public lists Eva Luna New books Lux_list list_1
    Your lists Log in to create your own lists
  • Log in to your account
  • Your cookies
  • Search history
Southville International School and Colleges
  • Advanced search
  • Recent comments
  • Most popular
  • Libraries

Log in to your account

Log in with GOOGLE


If you do not have an external account, but do have a local account, you can still log in:

  1. Home
  2. MARC view: Field study 1 :
Normal view MARC view ISBD view

Field study 1 : (Record no. 18406)

[ view plain ]
MARC details
000 -LEADER
fixed length control field 00563nam a22002057a 4500
003 - CONTROL NUMBER IDENTIFIER
control field OSt
005 - DATE AND TIME OF LATEST TRANSACTION
control field 20140310183025.0
008 - FIXED-LENGTH DATA ELEMENTS--GENERAL INFORMATION
fixed length control field 130216t xxu||||| |||| 00| 0 eng d
020 ## - INTERNATIONAL STANDARD BOOK NUMBER
International Standard Book Number 9789712356032
050 ## - LIBRARY OF CONGRESS CALL NUMBER
Classification number LB 1115
Item number .Sa161F1 2010
100 ## - MAIN ENTRY--PERSONAL NAME
Personal name Salana, June P.
245 ## - TITLE STATEMENT
Title Field study 1 :
Statement of responsibility, etc June P. Salana
Remainder of title the learner's development and environment /
260 ## - PUBLICATION, DISTRIBUTION, ETC. (IMPRINT)
Place of publication, distribution, etc Manila :
Name of publisher, distributor, etc Rex Book Store,
Date of publication, distribution, etc 2010.
300 ## - PHYSICAL DESCRIPTION
Extent 66 p. :
Dimensions 26 cm.
521 ## - TARGET AUDIENCE NOTE
Target audience note
650 ## - SUBJECT ADDED ENTRY--TOPICAL TERM
Topical term or geographic name as entry element Child development.
942 ## - ADDED ENTRY ELEMENTS (KOHA)
Source of classification or shelving scheme Library of Congress Classification
Koha item type Books
Call number prefix Local
Holdings
Withdrawn status Lost status Source of classification or shelving scheme Damaged status Home library Current library Shelving location Date acquired Source of acquisition Total Checkouts Full call number Barcode Date last seen Copy number Price effective from Koha item type Date checked out
    Library of Congress Classification   Archives Archives   11/28/2013 Donation   LB 1115 .Sa161F1 2010 C11769 05/08/2018 1 11/28/2013 Books  
    Library of Congress Classification   Archives Archives   11/28/2013 Donation 1 LB 1115 .Sa161F1 2010 C11770 05/08/2018 2 11/28/2013 Books 06/29/2015

Field study 1 :

APA

Salana J. P., . (2010). Field study 1. Manila: Rex Book Store.

Chicago

Salana June P, . 2010. Field study 1. Manila: Rex Book Store.

Harvard

Salana J. P., . (2010). Field study 1. Manila: Rex Book Store.

MLA

Salana June P, . Field study 1. Manila: Rex Book Store. 2010.

  • Place hold
  • Print
  • Cite
  • Add to your cart (remove)
  • Save record
    BIBTEX Dublin Core MARCXML MARC (non-Unicode/MARC-8) MARC (Unicode/UTF-8) MARC (Unicode/UTF-8, Standard) MODS (XML) RIS
  • More searches
    Search for this title in:
    Other Libraries (WorldCat) Other Databases (Google Scholar) Online Stores (Bookfinder.com) Open Library (openlibrary.org)

Exporting to Dublin Core...

SOUTHVILLE LIBRARY

Southville International School and Colleges Library

1281 Tropical Ave. Cor. Luxembourg St., BF Homes International, Las Pinas City

Tel. No. 8256374 / 252358 Loc. 117/146

Powered by Koha